000 00347nam a2200133Ia 4500
008 150201s2010 xx 000 0 und d
082 _a614.1
_bC10L
100 _aSUNDARLAL
245 _aTB OF COMMUNITY MEDICINE : PREVENTIVE & SOCIAL MEDICINE
250 _a2ND
260 _bCBS
_aDELHI
_c2010
650 _aCOMMUNITY MEDICINE
942 _2ddc
_cBK
_03
999 _c1131
_d1131